عرض عادي
عرض مارك
- Bloomer, Aileen,
مدخل إسم شخص
001 - رقم الضبط
- حقل الضبط: 56777
003 - معرف رقم الضبط
- حقل الضبط: OSt
005 - تاريخ ووقت أخر عملية
- حقل الضبط: 20161127092359.0
008 - عناصر بيانات ثابتة الطول
- حقل تحكم ثابت الطول: 161127|| aca||aabn | a|a d
040 ## - مصدر الفهرسة
- هيئة الفهرسة الأصلية: OSt
- وكالة الكتابة: OSt
100 ## - مدخل -- أسم شخص
- إسم شخص: Bloomer, Aileen,
- تواريخ مرتبطة بالاسم: 1947-
670 ## - بيانات المصدر موجوده
- الاستشهاد بالمصدر: Work cat.: (OSt)0: Wray, Alison. 56775, Projects in linguistics and language studies :, 2012.
